| 000 | 01126nam a2200265Ia 4500 | ||
|---|---|---|---|
| 003 | OSt | ||
| 005 | 20210429102548.0 | ||
| 008 | 210310s2012 sp gr 000 0 spa d | ||
| 020 | _a9788490310731 | ||
| 040 |
_aCO-JMCR _cCO-JMCR |
||
| 041 | 0 | _aspa | |
| 082 | 0 | 4 |
_a336.137 / _bA639h _223 |
| 100 | 1 |
_aAparicio Pérez, Antonio, _915385 _eautor |
|
| 245 | 1 | 3 |
_aLa hacienda pública en el Bajo Imperio Romano : _b(Años 284 a 476 d.C) / _cAntonio Aparicio Pérez |
| 260 |
_aMadrid : _bDykinson, _c2012 |
||
| 300 |
_b528 páginas ; _c21 cm. |
||
| 490 | 0 | _aColección "Monografías de Derecho Romano" | |
| 500 | _aIncluye notas y glosario. | ||
| 504 | _aBibliografía: páginas [465]-486 | ||
| 505 | 0 | _aDelimitación --Principales hechos históricos (Siglos III-V D.C.) -- Los gastos -- Ingresos públicos -- La estructura financiera -- Inmunidades -- Presupuesto -- Control de la actividad financiera -- Hacienda municipal -- Hispania en el bajo imperio -- El fin | |
| 650 | 1 | 4 |
_aHacienda pública _915387 _zRoma |
| 650 | 1 | 4 |
_aImpuestos _xHistoria _zRoma _937236 |
| 651 | 4 |
_aRoma _xPolítica fiscal _937237 |
|
| 942 |
_2ddc _cBK |
||
| 999 |
_c7763 _d7763 |
||